Topological vector spaces /
Guardado en:
| Autor Principal: | |
|---|---|
| Formato: | Libro |
| Idioma: | English |
| Publicado: |
New York :
Macmillan,
c1966.
|
| Series: | Macmillan series in advanced mathematics and theoretical physics
|
| Materias: | |
| Etiquetas: |
Agregar Etiqueta
Sin Etiquetas, Sea el primero en etiquetar este registro!
|
| LEADER | 00672nam a22002055a 4500 | ||
|---|---|---|---|
| 001 | MAT.inmabb005114 | ||
| 008 | 831111s1966####nyu######b####001#0#eng## | ||
| 005 | 20130417133344.0 | ||
| 245 | 1 | 0 | |a Topological vector spaces / |c Helmut H. Schaefer. |
| 260 | |a New York : |b Macmillan, |c c1966. | ||
| 300 | |a ix, 294 p. ; |c 25 cm. | ||
| 440 | 0 | |a Macmillan series in advanced mathematics and theoretical physics | |
| 504 | |a Bibliografía: p. 281-289. | ||
| 510 | 4 | |a MR, |c 33 #1689 | |
| 100 | 1 | |a Schaefer, Helmut H. | |
| 650 | 0 | |a Linear topological spaces. | |
| 084 | |a 46-01 (47-01) |2 msc2000 | ||
| 010 | |a 65024692 | ||
| 040 | |a DLC/ICU |c ICU |d DLC | ||
| 859 | |h 46 |i Sc294 |p A-2435 |b BIB. MATEMATICA | ||
